00654nam a2200217Ia 4500003000400000005001700004008004100021020001600062040000700078041000800085082001900093100002700112245002300139260003700162300002700199365001300226906002500239942001200264999001900276952014100295OSt20250422161406.0210423s2008 xx 000 0 und d a10070667160 cAL aeng a547 223bCARO aFrancis A Carey978551 aOrganic chemistry. aNew DelhibTata McGrawhillc2008 axxxiii,1229,C2,I32bPB b450cINR achemistry. ; Organic 2ddccBK c154231d154231 00102ddc40708ACaSACPGbSACPGd2009-07-10eHigginbothams Pvt Ltdg450.00l0o547 CAROpPG000698r2022-08-24 00:00:00w2021-04-26yBK